000 00611nam a2200217Ia 4500
005 20230605104712.0
008 131103s9999 xx 000 0 und d
040 _aLoreto College
041 _aEnglish
082 _a940.18
_bRUN
100 _aRunciman,Steven
245 2 _aA history of the crusades
_cSteven Runciman
260 _aHarmoundsworth
_bPenguin Books
_c1952 (1965 printing)
300 _a2 V.
_b plates
504 _aIncludes bibliographical references and index
630 _aEurope - Medieval History
650 _aMedieval History
651 _aCrusades
850 _aLCLIB
942 _cBK
999 _c3955
_d54434